Eurovision 2025 Bilderquiz Teil 3 - Statistiken

Allgemein
  • Dieses Quiz wurde 36 mal gespielt
  • Das Durchschnittsergebnis liegt bei 11 aus 13
Antwortstatistiken
Bildquiz Antwort % Korrekt
Island
97%
Österreich
97%
Deutschland
93%
Portugal
90%
Finnland
87%
Israel
87%
Spanien
87%
Litauen
83%
Luxemburg
83%
Norwegen
83%
Polen
83%
Serbien
73%
Kroatien
70%
Keine übereinstimmenden Quizze gefunden
Verteilung der Resultate
Anzahl Personen mit jedem Resultat
Perzentil nach korrekt beantworteten Fragen
Ihre Resultats-Entwicklung
Sie haben dieses Quiz noch nicht gespielt